000 00827nam a2200253Ia 4500
003 OSt
005 20220923221354.0
006 a|||||r|||| 00| 0
007 ta
008 220922b |||||||| |||| 00| 0 hin d
024 _a197,461
037 _cTextual
040 _aARTS
_cARTS
_bhin
041 _2hin
_ahin
082 _aO152,8M98x, L8
100 _aचतुुर्वेदी, नारायण
245 0 _aसाहित्यिक चुटकुले
246 _aSāhityik chuṭakule
260 _aदिल्ली
_b प्रभात प्रका0
_c1978
300 _a192पृ.
_ccm.
650 _aहिन्दी साहित्य
_9156264
942 _hO152,8M98x, L8
_cTEXL
_2CC
999 _c349332
_d349332